000 00602nam a2200205Ia 4500
008 150520s9999 xx 000 0 und d
050 _aTK 6540
050 _b.T629 2015
100 _aTobias, Tobi C.
245 _aGrade tracking and reporting system for saint bernadette college of Alabang /
245 _cTobi C. Tobias.
260 _aLas PiƱas, Philippines :
260 _bSISC,
260 _c2015.
300 _a165 pages :
300 _billustrations (some color) ;
300 _c28 cm.
500 _aIncludes bibliographical references and appendices.
650 _aComputer System
999 _c284059
_d284059